Jawahar Navodaya Vidyalaya: (Record no. 193006)

MARC details
000 -LEADER
fixed length control field 00631nam a22001937a 4500
005 - DATE AND TIME OF LATEST TRANSACTION
control field 20221012162942.0
010 ## - LCCN (DPL NO)
LC control number B-745955
020 ## - INTERNATIONAL STANDARD BOOK NUMBER
International Standard Book Number 9789353228699
Terms of availability 210.00
035 ## - SYSTEM CONTROL NUMBER
System control number B-745955
037 ## - SOURCE OF ACQUISITION
Source of stock number/acquisition Prabhat Exam
082 ## - DEWEY DECIMAL CLASSIFICATION NUMBER
Classification number 000
245 ## - TITLE STATEMENT
Title Jawahar Navodaya Vidyalaya:
Remainder of title entrance exan 2022 class-6 solved papers 2021-2003(with detailed explanations/
260 ## - PUBLICATION, DISTRIBUTION, ETC. (IMPRINT)
Place of publication, distribution, etc New Delhi
Name of publisher, distributor, etc Prabhat Exam
270 ## - ADDRESS
Address 4/19 Asaf Ali Road,
City New Delhi
Postal code 110002
300 ## - PHYSICAL DESCRIPTION
Extent 219p.
Dimensions 28cm (pbk)
700 ## - ADDED ENTRY--PERSONAL NAME
Personal name .
942 ## - ADDED ENTRY ELEMENTS (KOHA)
Source of classification or shelving scheme Dewey Decimal Classification
Item type English Books
Call number suffix JAW
Classification part 000

No items available.


© Delhi Public Library
Hit Counter
free hit counter